000 00425nam a2200181Ia 4500
001 12985
005 20260306163020.0
008 260306t1998||||xx |||||||||||||| ||spa||
041 _aESP
082 _aRD 503
_bO95
100 _aClapham Christopher
_eAUT
245 0 _aDiccionario de matemáticas
260 _c1998
300 _a403 páginas :
_c20 cm.
650 _aGEN
654 _aCCN
942 _cDIC
_dJUS
_fJUS
_2ddc
_n
999 _c12985
_d12985